[Event "2nd Banja Luka it"]
[Site "Banja Luka YUG"]
[Date "1976.12.08"]
[Round "12"]
[White "Kurajica, Bojan"]
[Black "Hort, Vlastimil"]
[Result "1/2-1/2"]
[WhiteElo "2525"]
[BlackElo "2600"]
[EventDate "1976.11.25"]
[PlyCount "27"]

1.e4 e5 2.Nf3 Nc6 3.Bb5 a6 4.Ba4 Nf6 5.O-O Be7 6.Re1 b5 7.Bb3 d6 8.c3 O-O 
9.d4 Bg4 10.Be3 exd4 11.cxd4 Na5 12.Bc2 Nc4 13.Bc1 c5 14.b3 1/2-1/2

[Event "2nd Banja Luka it"]
[Site "Banja Luka YUG"]
[Date "1976.12.08"]
[Round "12"]
[White "Bukic, Enver"]
[Black "Marovic, Drazen"]
[Result "1-0"]
[WhiteElo "2500"]
[BlackElo "2485"]
[EventDate "1976.11.25"]
[PlyCount "63"]

1.Nf3 Nf6 2.c4 d5 3.cxd5 Nxd5 4.d4 g6 5.e4 Nb6 6.h3 Bg7 7.Nc3 O-O 8.Be2 
Be6 9.O-O Bc4 10.Bxc4 Nxc4 11.Qb3 Nb6 12.Be3 a5 13.Rad1 a4 14.Qc2 N8d7 15.
d5 Qc8 16.Bd4 c6 17.a3 cxd5 18.exd5 Ra5 19.Qe2 Re8 20.Bxg7 Kxg7 21.Rd4 e5 
22.dxe6 Rxe6 23.Qd1 Qc6 24.Rb4 Re8 25.Qd4+ Kg8 26.Rd1 Ra6 27.Rb5 Nf6 28.
Rc5 Qe6 29.Re1 Qxe1+ 30.Nxe1 Rxe1+ 31.Kh2 Nfd7 32.Rc7 1-0

[Event "2nd Banja Luka it"]
[Site "Banja Luka YUG"]
[Date "1976.12.08"]
[Round "12"]
[White "Hulak, Krunoslav"]
[Black "Mihaljcisin, Mihajlo"]
[Result "1/2-1/2"]
[WhiteElo "2470"]
[BlackElo "2325"]
[EventDate "1976.11.25"]
[PlyCount "82"]

1.Nf3 Nf6 2.g3 g6 3.Bg2 Bg7 4.c4 c6 5.Qc2 d5 6.b3 a5 7.Bb2 O-O 8.O-O Bg4 
9.d3 Bxf3 10.Bxf3 Nbd7 11.Nd2 e5 12.Rac1 Rc8 13.Qb1 Re8 14.cxd5 Nxd5 15.
Nc4 Bf8 16.e4 N5f6 17.Qa1 Qc7 18.Bg2 b5 19.Ne3 Nc5 20.Rfd1 Nfd7 21.d4 exd4
22.Rxd4 h5 23.Rcd1 Rcd8 24.Qc1 Ne6 25.R4d2 Ndc5 26.f4 Rxd2 27.Rxd2 Qa7 28.
Kf2 Qb6 29.Ke2 b4 30.Qc4 a4 31.e5 axb3 32.axb3 Ra8 33.Nc2 Rb8 34.Nd4 Nxd4+
35.Bxd4 Qb5 36.Qxb5 cxb5 37.Bd5 Ne6 38.Be3 Rc8 39.Ra2 Rc3 40.Ra8 Kg7 41.
Bd2 Nd4+ 1/2-1/2

[Event "2nd Banja Luka it"]
[Site "Banja Luka YUG"]
[Date "1976.12.08"]
[Round "12"]
[White "Lakic, Nikola"]
[Black "Vukic, Milan"]
[Result "1/2-1/2"]
[WhiteElo "2380"]
[BlackElo "2510"]
[EventDate "1976.11.25"]
[PlyCount "124"]

1.d4 Nf6 2.c4 d6 3.Nc3 Nbd7 4.Nf3 e5 5.e4 c6 6.Be2 Be7 7.O-O O-O 8.Re1 Re8
9.Bf1 Bf8 10.d5 a6 11.b4 cxd5 12.cxd5 Nb6 13.a4 Bd7 14.Ba3 Rc8 15.Qb3 Rc7 
16.Nd2 Nc8 17.b5 a5 18.Nc4 b6 19.Bc1 Bg4 20.h3 Bh5 21.Be3 Nd7 22.Bxb6 
Ncxb6 23.Nxa5 Nc5 24.Qb2 Qa8 25.Nc6 Rec8 26.a5 Nbd7 27.g4 Bg6 28.f3 Qb7 
29.Reb1 Ra8 30.b6 Rcc8 31.a6 Nxa6 32.Rxa6 Rxa6 33.Bxa6 Qxa6 34.b7 Re8 35.
Nd1 h5 36.Nf2 f6 37.Kg2 h4 38.Ra1 Qc4 39.Ra8 Bf7 40.Rc8 Qa6 41.Rc7 Nb8 42.
Qb4 Bg6 43.Qa5 Qe2 44.Nxb8 f5 45.exf5 e4 46.fxe4 Bxf5 47.gxf5 Rxe4 48.Rc3 
Qd2 49.Qa3 Re1 50.Rc4 Qxd5+ 51.Qf3 Qxc4 52.Nd3 Rb1 53.Nd7 Rxb7 54.Qxb7 
Qxd3 55.Nxf8 Qg3+ 56.Kf1 Qxh3+ 57.Ke2 Qg4+ 58.Ke1 Qg3+ 59.Kf1 Kxf8 60.Qc8+
Ke7 61.Qe6+ Kd8 62.Qg8+ Kc7 1/2-1/2

[Event "2nd Banja Luka it"]
[Site "Banja Luka YUG"]
[Date "1976.12.10"]
[Round "13"]
[White "Parma, Bruno"]
[Black "Lakic, Nikola"]
[Result "1/2-1/2"]
[WhiteElo "2515"]
[BlackElo "2380"]
[EventDate "1976.11.25"]
[PlyCount "27"]

1.e4 c5 2.Nf3 d6 3.d4 cxd4 4.Nxd4 Nf6 5.Nc3 a6 6.Be2 e6 7.O-O Nbd7 8.a4 b6
9.f4 Bb7 10.Bf3 Rc8 11.Qe1 Rc4 12.e5 Rxd4 13.Bxb7 dxe5 14.Bxa6 1/2-1/2

[Event "2nd Banja Luka it"]
[Site "Banja Luka YUG"]
[Date "1976.12.10"]
[Round "13"]
[White "Lombardy, William James"]
[Black "Smejkal, Jan"]
[Result "1/2-1/2"]
[WhiteElo "2520"]
[BlackElo "2615"]
[EventDate "1976.11.25"]
[PlyCount "41"]

1.e4 e5 2.Nc3 Nc6 3.Bc4 Nf6 4.d3 Bc5 5.Be3 Bxe3 6.fxe3 Na5 7.Bb3 Nxb3 8.
axb3 O-O 9.Nf3 d6 10.O-O Ng4 11.Qe1 f5 12.exf5 Bxf5 13.h3 Nh6 14.e4 Be6 
15.Qe3 a6 16.Ng5 Qe7 17.Nxe6 Qxe6 18.Nd5 Qd7 19.Qg5 Kh8 20.Rae1 Rae8 21.
Rxf8+ 1/2-1/2

[Event "2nd Banja Luka it"]
[Site "Banja Luka YUG"]
[Date "1976.12.10"]
[Round "13"]
[White "Mihaljcisin, Mihajlo"]
[Black "Bukic, Enver"]
[Result "0-1"]
[WhiteElo "2325"]
[BlackElo "2500"]
[EventDate "1976.11.25"]
[PlyCount "106"]

1.e4 c5 2.c3 e6 3.d4 d5 4.exd5 exd5 5.Nf3 Nc6 6.Be3 c4 7.b3 cxb3 8.axb3 
Bd6 9.Be2 Nge7 10.O-O O-O 11.Qd2 Re8 12.Re1 Bg4 13.Na3 Nf5 14.Bf4 Bxf3 15.
gxf3 Qh4 16.Bxd6 Nxd6 17.Bf1 Qf6 18.Bg2 Ne7 19.Nc2 Ng6 20.Rxe8+ Rxe8 21.
Re1 Re6 22.Rxe6 fxe6 23.Ne1 Nf5 24.Nd3 Nfh4 25.f4 Nxg2 26.Kxg2 Qf5 27.Kg3 
h5 28.h3 h4+ 29.Kh2 Qe4 30.Qe3 b6 31.Kg1 a5 32.Kf1 Qh1+ 33.Ke2 Nf8 34.Nc1 
b5 35.Kd2 a4 36.bxa4 bxa4 37.Kc2 Kf7 38.Kb2 Nd7 39.Nd3 Qd1 40.Ne5+ Nxe5 
41.fxe5 Qb3+ 42.Kc1 a3 43.Qd2 a2 44.Qb2 Qa4 45.Qa1 Qa3+ 46.Kc2 g5 47.f3 
Ke7 48.Kd2 Kd7 49.Kd1 Kc6 50.Kc2 Kb5 51.Qf1+ Ka5 52.Qa1 Ka4 53.Kd2 Kb3 0-1

[Event "2nd Banja Luka it"]
[Site "Banja Luka YUG"]
[Date "1976.12.10"]
[Round "13"]
[White "Marovic, Drazen"]
[Black "Kurajica, Bojan"]
[Result "1/2-1/2"]
[WhiteElo "2485"]
[BlackElo "2525"]
[EventDate "1976.11.25"]
[PlyCount "32"]

1.c4 e6 2.d4 d5 3.cxd5 exd5 4.Nc3 Nf6 5.Nf3 c6 6.Qc2 Be7 7.Bg5 g6 8.e3 Bf5
9.Bd3 Bxd3 10.Qxd3 Nbd7 11.O-O O-O 12.Rab1 a5 13.Rfc1 Re8 14.Bxf6 Nxf6 15.
Nd2 Bd6 16.Nf1 Nh5 1/2-1/2

[Event "2nd Banja Luka it"]
[Site "Banja Luka YUG"]
[Date "1976.12.10"]
[Round "13"]
[White "Planinc, Albin"]
[Black "Bagirov, Vladimir"]
[Result "0-1"]
[WhiteElo "2485"]
[BlackElo "2490"]
[EventDate "1976.11.25"]
[PlyCount "118"]

1.e4 Nf6 2.Nc3 d5 3.e5 Nfd7 4.Nxd5 Nxe5 5.Ne3 c5 6.b3 g6 7.Bb2 Bg7 8.Nc4 
Nbc6 9.f4 Nxc4 10.Bxg7 Rg8 11.Bc3 Nd6 12.Nf3 Qb6 13.a4 Bg4 14.a5 Qc7 15.
Be2 a6 16.O-O O-O-O 17.Ne5 Bxe2 18.Qxe2 e6 19.Ng4 Nd4 20.Bxd4 cxd4 21.Nf6 
Rh8 22.Ra4 Kb8 23.Qe5 Nb5 24.Rc4 Qxe5 25.fxe5 Na7 26.Rc5 Nc6 27.Ne4 Rd7 
28.Ng5 Nd8 29.b4 h6 30.Ne4 Nc6 31.b5 Nxa5 32.bxa6 b6 33.Rb1 Ka7 34.Rcb5 
Nc4 35.R5b4 Rc8 36.d3 Nxe5 37.Rxb6 Rxc2 38.Nf6 Rdc7 39.Rb7+ Ka8 40.Rb8+ 
Ka7 41.R8b7+ Rxb7 42.axb7 Kb8 43.h3 Rc7 44.Rb4 Nc6 45.Rc4 Kxb7 46.Kf2 Rc8 
47.g4 Ra8 48.Ne4 Kc7 49.Nc5 Ra2+ 50.Kg3 Ra3 51.Kf4 Rc3 52.h4 Rxc4 53.dxc4 
Kb6 54.Nd3 f5 55.h5 g5+ 56.Kf3 Kc7 57.c5 Kd7 58.Kg3 Ke7 59.Kf3 Kf6 0-1

[Event "2nd Banja Luka it"]
[Site "Banja Luka YUG"]
[Date "1976.12.11"]
[Round "14"]
[White "Sibarevic, Milenko"]
[Black "Marovic, Drazen"]
[Result "0-1"]
[WhiteElo "2340"]
[BlackElo "2485"]
[EventDate "1976.11.25"]
[PlyCount "44"]

1.e4 e6 2.d4 d5 3.Nc3 Bb4 4.Ne2 dxe4 5.a3 Be7 6.Nxe4 Nf6 7.N2c3 O-O 8.Be2 
Nc6 9.Be3 Nxe4 10.Nxe4 f5 11.Nc3 f4 12.Bd2 Nxd4 13.Bd3 e5 14.O-O f3 15.g3 
Bf5 16.Be3 Qd7 17.Kh1 Rad8 18.Bxd4 exd4 19.Ne4 Bh3 20.Rg1 Qg4 21.Bf1 Bxf1 
22.Rxf1 Rd5 0-1

[Event "2nd Banja Luka it"]
[Site "Banja Luka YUG"]
[Date "1976.12.11"]
[Round "14"]
[White "Kurajica, Bojan"]
[Black "Mihaljcisin, Mihajlo"]
[Result "1-0"]
[WhiteElo "2525"]
[BlackElo "2325"]
[EventDate "1976.11.25"]
[PlyCount "47"]

1.e4 c5 2.Nf3 Nc6 3.d4 cxd4 4.Nxd4 Nf6 5.Nc3 d6 6.f4 g6 7.Nb3 Bg7 8.Be2 
O-O 9.Be3 Be6 10.g4 d5 11.f5 Bc8 12.exd5 Nb4 13.Bf3 gxf5 14.a3 fxg4 15.Bg2
Na6 16.Qd3 e6 17.h3 g3 18.Rg1 Kh8 19.O-O-O exd5 20.Bd4 Nc7 21.Bxd5 Ncxd5 
22.Nxd5 Be6 23.Qxg3 Rg8 24.Bxf6 1-0

[Event "2nd Banja Luka it"]
[Site "Banja Luka YUG"]
[Date "1976.12.11"]
[Round "14"]
[White "Hulak, Krunoslav"]
[Black "Lombardy, William James"]
[Result "1/2-1/2"]
[WhiteElo "2470"]
[BlackElo "2520"]
[EventDate "1976.11.25"]
[PlyCount "21"]

1.e4 e5 2.Nf3 Nc6 3.Bb5 g6 4.O-O Bg7 5.c3 d6 6.d4 Bd7 7.dxe5 dxe5 8.Bg5 
Nge7 9.Qb3 O-O 10.Rd1 Qe8 11.Nbd2 1/2-1/2

[Event "2nd Banja Luka it"]
[Site "Banja Luka YUG"]
[Date "1976.12.11"]
[Round "14"]
[White "Smejkal, Jan"]
[Black "Vukic, Milan"]
[Result "1-0"]
[WhiteElo "2615"]
[BlackElo "2510"]
[EventDate "1976.11.25"]
[PlyCount "119"]

1.d4 Nf6 2.c4 g6 3.Nf3 Bg7 4.g3 O-O 5.Bg2 d6 6.O-O c6 7.Nc3 Qa5 8.h3 Be6 
9.Nd2 Na6 10.a3 Qb6 11.e3 Nc7 12.Qc2 a5 13.b3 Rac8 14.Bb2 Qa6 15.Rfc1 b5 
16.cxb5 cxb5 17.Qd3 Qb6 18.d5 Bd7 19.b4 axb4 20.axb4 Na6 21.Na2 Nh5 22.
Bxg7 Nxg7 23.Nb3 e5 24.Qd2 Nf5 25.Na5 Ne7 26.Qb2 f5 27.Nc3 e4 28.Qb3 Nc7 
29.Ne2 Be8 30.Nc6 Nxc6 31.dxc6+ Bf7 32.Qd1 Nd5 33.Nd4 Nxb4 34.Rab1 Nxc6 
35.Nxb5 Qd8 36.Qxd6 Ne7 37.Qe5 Rxc1+ 38.Rxc1 Nc8 39.Bf1 Re8 40.Qa1 Nb6 41.
Rd1 Qa8 42.Qf6 Nd5 43.Qd4 Qb8 44.Bc4 Rf8 45.Kh2 Rc8 46.Bxd5 Qxb5 47.Bxf7+ 
Kxf7 48.Qa7+ Kg8 49.Rd7 Qb2 50.Kg2 Rf8 51.Rxh7 Qf6 52.Rb7 Re8 53.Qc5 g5 
54.Rb5 Rf8 55.g4 Kg7 56.Qxf5 Qxf5 57.Rxf5 Rxf5 58.gxf5 Kf6 59.Kg3 Kxf5 60.
h4 1-0

[Event "2nd Banja Luka it"]
[Site "Banja Luka YUG"]
[Date "1976.12.11"]
[Round "14"]
[White "Bagirov, Vladimir"]
[Black "Lakic, Nikola"]
[Result "1/2-1/2"]
[WhiteElo "2490"]
[BlackElo "2380"]
[EventDate "1976.11.25"]
[PlyCount "30"]

1.d4 Nf6 2.c4 e6 3.Nf3 b6 4.g3 Bb7 5.Bg2 Be7 6.O-O O-O 7.Nc3 Ne4 8.Nxe4 
Bxe4 9.Ne1 Bxg2 10.Nxg2 d5 11.Qa4 dxc4 12.Qxc4 c5 13.dxc5 Bxc5 14.Be3 Bxe3
15.Nxe3 Qc8 1/2-1/2

[Event "2nd Banja Luka it"]
[Site "Banja Luka YUG"]
[Date "1976.12.13"]
[Round "15"]
[White "Parma, Bruno"]
[Black "Smejkal, Jan"]
[Result "1/2-1/2"]
[WhiteElo "2515"]
[BlackElo "2615"]
[EventDate "1976.11.25"]
[PlyCount "106"]

1.e4 c6 2.d4 d5 3.Nd2 g6 4.Ngf3 Bg7 5.c3 Nh6 6.Bd3 O-O 7.O-O f6 8.c4 Nf7 
9.Re1 Na6 10.b3 Re8 11.Bb2 dxe4 12.Nxe4 Bg4 13.Ned2 f5 14.h3 Bxf3 15.Nxf3 
c5 16.Bf1 cxd4 17.Bxd4 e5 18.Bb2 e4 19.Bxg7 Kxg7 20.Nd4 Qf6 21.Nb5 Rad8 
22.Qc1 Nb4 23.Nc7 Re7 24.a3 Nd3 25.Bxd3 Rxc7 26.Bf1 Rcd7 27.Qe3 a6 28.Rac1
Ne5 29.c5 Rd4 30.Qc3 f4 31.Qc2 e3 32.fxe3 Rd2 33.Qe4 f3 34.Kh1 Rf2 35.Red1
Qg5 36.g4 Rfd2 37.Rxd2 Rxd2 38.Qf4 Qxf4 39.exf4 Nc6 40.Rc3 Nd4 41.Rd3 Rxd3
42.Bxd3 Nxb3 43.c6 bxc6 44.Bxa6 c5 45.Kg1 Nd2 46.a4 c4 47.a5 c3 48.Bd3 f2+
49.Kxf2 Nb3 50.Ke3 Nxa5 51.Kd4 Nb7 52.Kxc3 Nc5 53.Kd4 Nd7 1/2-1/2

[Event "2nd Banja Luka it"]
[Site "Banja Luka YUG"]
[Date "1976.12.13"]
[Round "15"]
[White "Vukic, Milan"]
[Black "Hulak, Krunoslav"]
[Result "1-0"]
[WhiteElo "2510"]
[BlackElo "2470"]
[EventDate "1976.11.25"]
[PlyCount "77"]

1.d4 Nf6 2.c4 c5 3.d5 e6 4.Nc3 exd5 5.cxd5 d6 6.Nf3 g6 7.Bf4 a6 8.a4 Bg7 
9.e4 O-O 10.Nd2 Nh5 11.Be3 Nd7 12.Be2 Ne5 13.O-O Qh4 14.f4 Ng4 15.Bxg4 
Bxg4 16.Qe1 Qe7 17.Qf2 Rfe8 18.Rae1 b5 19.axb5 axb5 20.Nxb5 Rab8 21.Na3 
Bc8 22.e5 dxe5 23.fxe5 Qd7 24.Ndc4 Ba6 25.Bxc5 Bxc4 26.Nxc4 Qxd5 27.Nb6 
Qe6 28.Bd6 Rb7 29.Na4 Qc4 30.Nc5 Ra7 31.Re4 Qd5 32.g4 Bxe5 33.Bxe5 Rxe5 
34.Rxe5 Qxe5 35.Nd3 Qe7 36.gxh5 Rd7 37.Nf4 Qb4 38.h6 Rd2 39.Qe3 1-0

[Event "2nd Banja Luka it"]
[Site "Banja Luka YUG"]
[Date "1976.12.13"]
[Round "15"]
[White "Lombardy, William James"]
[Black "Bukic, Enver"]
[Result "1/2-1/2"]
[WhiteElo "2520"]
[BlackElo "2500"]
[EventDate "1976.11.25"]
[PlyCount "113"]

1.c4 g6 2.Nc3 c5 3.Nf3 Bg7 4.e3 Nf6 5.d4 O-O 6.Qb3 d6 7.Be2 b6 8.O-O Bf5 
9.d5 Na6 10.Rd1 Nc7 11.Bd3 Bg4 12.h3 Bxf3 13.gxf3 e6 14.dxe6 fxe6 15.Bf1 
Qe7 16.Bg2 Kh8 17.a4 Rab8 18.a5 bxa5 19.Qc2 a6 20.Rxa5 Rb4 21.Ra4 Rfb8 22.
Rxb4 Rxb4 23.b3 Rb8 24.f4 e5 25.fxe5 Qxe5 26.Bb2 Qe7 27.Rd3 Rb6 28.Qd1 
Nfe8 29.Na4 Rb8 30.Bxg7+ Qxg7 31.Nc3 Qe5 32.Ne4 Rb6 33.Qd2 Qa1+ 34.Kh2 
Qe5+ 35.f4 Qe7 36.Qa5 Rb8 37.Qa1+ Kg8 38.Qd1 Rb6 39.Nc3 Rb8 40.Qf3 Qe6 41.
Ne4 Rb6 42.Qd1 Qe7 43.Bf3 Kf8 44.Qd2 Kg8 45.Qg2 Ng7 46.Bg4 Nge8 47.Bd1 Nf6
48.Ng3 Kf7 49.Bc2 Nce8 50.Qf3 Ng7 51.Rd2 Ngh5 52.Ne2 Rb8 53.Nc3 Re8 54.Re2
Ng7 55.Kg2 Nf5 56.Bxf5 gxf5 57.Nd5 1/2-1/2

[Event "2nd Banja Luka it"]
[Site "Banja Luka YUG"]
[Date "1976.12.13"]
[Round "15"]
[White "Mihaljcisin, Mihajlo"]
[Black "Sibarevic, Milenko"]
[Result "1/2-1/2"]
[WhiteElo "2325"]
[BlackElo "2340"]
[EventDate "1976.11.25"]
[PlyCount "29"]

1.d4 Nf6 2.Nf3 d5 3.c4 e6 4.Nc3 Be7 5.cxd5 exd5 6.Bg5 c6 7.e3 Bf5 8.Bd3 
Bxd3 9.Qxd3 Nbd7 10.O-O O-O 11.Rab1 h6 12.Bxf6 Nxf6 13.b4 a6 14.Rfc1 Bd6 
15.h3 1/2-1/2

[Event "2nd Banja Luka it"]
[Site "Banja Luka YUG"]
[Date "1976.12.13"]
[Round "15"]
[White "Hort, Vlastimil"]
[Black "Bagirov, Vladimir"]
[Result "1/2-1/2"]
[WhiteElo "2600"]
[BlackElo "2490"]
[EventDate "1976.11.25"]
[PlyCount "29"]

1.e4 c6 2.d4 d5 3.Nc3 dxe4 4.Nxe4 Bf5 5.Ng3 Bg6 6.h4 h6 7.Nf3 Nd7 8.h5 Bh7
9.Bd3 Bxd3 10.Qxd3 Ngf6 11.Bf4 Qa5+ 12.Bd2 Qc7 13.O-O-O e6 14.Qe2 c5 15.
Rh4 1/2-1/2